[Event "III Marcel Duchamp Boca Jun Op"]
[Site "Buenos Aires ARG"]
[Date "2013.06.27"]
[Round "7.3"]
[White "Caceres Recalde,F"]
[Black "Mussanti,D"]
[Result "1/2-1/2"]
[WhiteElo "2216"]
[BlackElo "2310"]

1.e4 c5 2.Nf3 e6 3.d4 cxd4 4.Nxd4 Nc6 5.Nc3 d6 6.Be3 Nf6 7.Qe2 a6 8.O-O-O Qc7
9.g4 Be7 10.g5 Nd7 11.f4 b5 12.f5 Nxd4 13.Rxd4 Ne5 14.Kb1 Rb8 15.fxe6 Bxe6
16.Nd5 Bxd5 17.exd5 O-O 18.h4 Rfe8 19.Qg2 Rbc8 20.c3 Bf8 21.Bc1 Qd7 22.Qf2 Rc5
23.h5 g6 24.Bh3 Qe7 25.hxg6 hxg6 26.Rh4 Bg7 27.Bg2 Rc4 28.R4h3 Rg4 29.Rh7 Rxg5
30.Qh4 Rh5 31.Rxh5 gxh5 32.Qxh5 Qf6 33.Be4 Nc4 34.Bd3 Qe5 35.Qh7+ Kf8 36.Rg1 Bf6
37.Rg8+ Ke7 38.Bg6 Qxd5 39.Rxe8+ Kxe8 40.Bf5 a5 41.Be4 Qd1 42.Qg8+ Ke7 43.Qg2 b4
44.Bc2 Qe1 45.Qb7+ Kd8 46.Qb8+ Ke7 47.Qc7+  1/2-1/2

[Event "TCh-MNE Prem 2013"]
[Site "Cetinje MNE"]
[Date "2013.06.27"]
[Round "4.5"]
[White "Karisik,N"]
[Black "Potpara,N"]
[Result "0-1"]
[WhiteElo "2086"]
[BlackElo "2236"]

1.e4 c5 2.Nf3 e6 3.d4 cxd4 4.Nxd4 Nc6 5.Nc3 Qc7 6.g3 a6 7.Bg2 d6 8.O-O Bd7
9.a4 Be7 10.Nb3 b6 11.f4 Rc8 12.Kh1 Nf6 13.g4 h6 14.Be3 O-O 15.g5 hxg5 16.fxg5 Nh7
17.Qh5 Ne5 18.Nd4 g6 19.Qh4 Qd8 20.Rg1 Nc4 21.Bc1 Bxg5 22.Bxg5 Qxg5 23.Qxg5 Nxg5
24.Bf1 Nh7 25.Nd1 a5 26.Rg3 Nf6 27.Bg2 Kg7 28.Ra2 Rh8 29.b3 Ne5 30.c3 Rh4
31.Re2 Rch8 32.Kg1 Rxh2 33.Nf2 R2h4 34.Rd2 Rc8 35.Nb5 Bxb5 36.axb5 Ne8 37.Nd1 Kf6
38.Nb2 Ke7 39.Na4 Rb8 40.c4 Nf6 41.Rd4 Nh5 42.Re3 Nf4 43.Bf1 g5 44.Rd2 g4
45.Bg2 Kd7 46.Re1 Nxg2 47.Kxg2 Nf3 48.Red1 Nxd2 49.Rxd2 Kc7  0-1

[Event "66th ch-RUS HL"]
[Site "Yekaterinburg RUS"]
[Date "2013.06.27"]
[Round "7.2"]
[White "Nepomniachtchi,I"]
[Black "Grachev,B"]
[Result "1-0"]
[WhiteElo "2717"]
[BlackElo "2683"]

1.e4 c5 2.Nf3 e6 3.d4 cxd4 4.Nxd4 Nc6 5.Nc3 a6 6.Be2 d6 7.Be3 Bd7 8.f4 b5
9.a3 Nf6 10.g4 Nxd4 11.Qxd4 Nxg4 12.Bxg4 Qh4+ 13.Kd2 Qxg4 14.Rad1 Qh4 15.Kc1 Qd8
16.Rhg1 Rc8 17.f5 e5 18.Qd3 Bc6 19.Kb1 Qc7 20.Qe2 Bb7 21.Rd3 Qc4 22.Qg2 g6
23.Nd5 Bxd5 24.exd5 Qc7 25.Rc3 Qd7 26.Rxc8+ Qxc8 27.f6 h5 28.Qd2 h4 29.Ka1 h3
30.c4 bxc4 31.Qb4 Rh4 32.Rc1 Re4 33.Rc3 Be7 34.fxe7 Kxe7 35.Qb6 Rg4 36.Bh6 Qc5
37.Qb7+ Ke8 38.Rf3 f5 39.Bf8  1-0

[Event "21st Montcada Open"]
[Site "Montcada i Reixac ESP"]
[Date "2013.06.28"]
[Round "4.19"]
[White "Rishi,S"]
[Black "Cori T.,D"]
[Result "1/2-1/2"]
[WhiteElo "2308"]
[BlackElo "2437"]

1.e4 c5 2.Nf3 e6 3.d4 cxd4 4.Nxd4 Nc6 5.Nc3 Qc7 6.Be3 a6 7.Bd3 b5 8.Nxc6 Qxc6
9.e5 Qc7 10.O-O Bb7 11.Qg4 Qxe5 12.Bd4 Nh6 13.Qh4 Nf5 14.Qxh7 Qxd4 15.Qxh8 Nh6
16.Qh7 O-O-O 17.Rad1 Qb6 18.Be4 d5 19.Bf3 b4 20.Na4 Qa5 21.b3 e5 22.Qd3 e4
23.Bxe4 dxe4 24.Qe3 Bd6 25.Nb6+ Kb8 26.Nc4 Qc7 27.Nxd6 Rxd6 28.Rxd6 Qxd6
29.Qg5 Qd4 30.Re1 Bc6 31.h3 Kb7 32.Qe7+ Kb6 33.Qg5 f6 34.Qxg7 Qd2 35.Rf1 f5
36.Qf8 a5 37.Qb8+ Ka6 38.Qc8+ Kb6 39.Qb8+ Ka6 40.Qc8+ Kb6 41.Qb8+ Kc5 42.Qa7+ Kd6
43.Qxa5 Ke6 44.Qc5 Bd5 45.Qb6+ Ke5 46.Qb8+ Ke6 47.Qb6+ Ke5 48.Qb8+ Ke6 49.Qb6+  1/2-1/2

[Event "4th ch-Vojvodina Int"]
[Site "Novi Sad SRB"]
[Date "2013.06.28"]
[Round "1.8"]
[White "Leskur,D"]
[Black "Topoljski,Pavel"]
[Result "1-0"]
[WhiteElo "2391"]
[BlackElo "1935"]

1.e4 c5 2.Nf3 Nc6 3.Nc3 e6 4.d4 cxd4 5.Nxd4 a6 6.Be3 Nge7 7.Nb3 b5 8.a3 Na5
9.Nxa5 Qxa5 10.Bd3 Bb7 11.O-O Rc8 12.Qh5 Qc7 13.f4 d5 14.f5 exf5 15.exf5 Ng8
16.Rae1 Kd8 17.f6 Nxf6 18.Rxf6 gxf6 19.Nxd5 Bxd5 20.Qxd5+ Qd7 21.Bb6+ Rc7
22.Qa8+ Qc8 23.Qc6 Be7 24.Rxe7 Kxe7 25.Bc5+ Kd8 26.Qxf6+ Ke8 27.Qxh8+  1-0

[Event "DC International"]
[Site "Arlington USA"]
[Date "2013.06.29"]
[Round "5.14"]
[White "Bodek,Michael H"]
[Black "Beilin,Allan"]
[Result "1-0"]
[WhiteElo "2386"]
[BlackElo "2002"]

1.e4 c5 2.Nf3 e6 3.Nc3 Nc6 4.d4 cxd4 5.Nxd4 Qc7 6.g3 a6 7.Bg2 Nf6 8.O-O Be7
9.Re1 d6 10.Nxc6 bxc6 11.e5 dxe5 12.Rxe5 Qb7 13.b3 O-O 14.Bb2 Rd8 15.Qe2 Nd5
16.Nxd5 cxd5 17.c4 Bf6 18.Bxd5 Rxd5 19.Rxd5 Bd7 20.Rd3 Bxb2 21.Qxb2 Bc6 22.Rad1 h6
23.Qe2 Kh7 24.f3 a5 25.Qc2 g6 26.Qc3 Qe7 27.Qe5 a4 28.Qd6 Qa7+ 29.Kg2 Qb7
30.b4 g5 31.h3 h5 32.Qe5 Qe7 33.b5 Be8  1-0

[Event "TCh-MNE Prem 2013"]
[Site "Cetinje MNE"]
[Date "2013.06.29"]
[Round "6.5"]
[White "Blagojevic,Tijana"]
[Black "Podlesnik,B"]
[Result "0-1"]
[WhiteElo "2051"]
[BlackElo "2381"]

1.e4 c5 2.Nf3 e6 3.d4 cxd4 4.Nxd4 Nc6 5.Nc3 Nf6 6.Nxc6 bxc6 7.e5 Nd5 8.Ne4 Qc7
9.f4 Qb6 10.c4 Bb4+ 11.Ke2 Ba6 12.Kf3 f5 13.exf6 Nxf6 14.Be3 Qa5 15.Nxf6+ gxf6
16.a3 Be7 17.b4 Qc7 18.Kf2 O-O 19.Bd3 Rf7 20.Rf1 c5 21.Be4 Rd8 22.b5 Bb7
23.Bxb7 Qxb7 24.f5 Qe4 25.Qf3 Qxc4 26.Rfc1 Qh4+ 27.Kg1 e5 28.Qd5 Qh5 29.Bxc5 Bxc5+
30.Rxc5 Qxf5 31.Rc7 Qe6 32.Qxe6 dxe6 33.Rac1 Rdd7 34.Rxd7 Rxd7 35.Rc8+ Kf7
36.Rh8 Kg6 37.Kf2 Kf5 38.Ke3 e4 39.a4 Ke5 40.Rb8 f5 41.g3 Rc7 42.Rd8 h5 43.Ra8 h4
44.a5 hxg3 45.hxg3 Rc3+ 46.Ke2 Rxg3 47.Rxa7 f4 48.b6 Rb3 49.Rf7 Rb2+ 50.Kf1 e3
51.b7 Ke4 52.a6 f3 53.Kg1 Rg2+ 54.Kh1 e2 55.Rf4+ Ke3  0-1

[Event "Geneva Open A 2013"]
[Site "Geneva SUI"]
[Date "2013.06.29"]
[Round "7.6"]
[White "Duport,N SUI"]
[Black "Manea,Al"]
[Result "1-0"]
[WhiteElo "2229"]
[BlackElo "2389"]

1.e4 c5 2.Nf3 e6 3.d4 cxd4 4.Nxd4 Nc6 5.Nc3 Qc7 6.Be3 Nf6 7.f4 d6 8.Qf3 Be7
9.O-O-O O-O 10.g4 Nxd4 11.Bxd4 e5 12.fxe5 dxe5 13.Qg3 Bd6 14.Be3 Bb4 15.Nd5 Nxd5
16.exd5 Bd6 17.Qg2 f5 18.gxf5 Bxf5 19.Kb1 Rae8 20.Rg1 Rf6 21.Bc4 Bg6 22.Bb3 b6
23.h4 Ref8 24.Rgf1 Qf7 25.Rxf6 Qxf6 26.Bg5 Qf3 27.Qd2 Kh8 28.Bc4 h6 29.Be2 Qg2
30.Be3 Be4 31.Rg1 Qh2 32.h5 Rc8 33.Rc1 Kg8 34.a3 Rc7 35.b4 Qh4 36.Kb2 Qe7
37.c4 a5 38.Bxb6 axb4 39.Bxc7 bxa3+ 40.Ka2 Qxc7 41.Qe3 Qb7 42.Qb3 Qxb3+ 43.Kxb3 Bc5
44.Rf1 Bd6 45.Ra1 Kf7 46.Ka4 g5 47.Kb5 Be7 48.Kc6 Bc2 49.c5  1-0

[Event "21st Montcada Open"]
[Site "Montcada i Reixac ESP"]
[Date "2013.06.29"]
[Round "5.2"]
[White "Ortiz Suarez,I"]
[Black "Cori,J"]
[Result "1-0"]
[WhiteElo "2612"]
[BlackElo "2549"]

1.e4 c5 2.Nf3 e6 3.d4 cxd4 4.Nxd4 Nc6 5.Nc3 Qc7 6.Be3 a6 7.Be2 Nf6 8.a3 b5
9.Nxc6 dxc6 10.f4 e5 11.fxe5 Qxe5 12.Bd4 Qg5 13.e5 Nd5 14.Bf3 Be6 15.Ne4 Qh6
16.O-O Rd8 17.Qe1 Be7 18.Qf2 O-O 19.Rae1 Qg6 20.Kh1 Bg4 21.Bxg4 Qxg4 22.Bc5 Bxc5
23.Nxc5 Nc7 24.Ne4 Ne6 25.Re3 Kh8 26.h3 Qg6 27.Nd6 f6 28.Rf3 Kg8 29.Nf5 Qe8
30.Qg3 Qd7 31.Qg4 Nd4 32.Rd3 c5 33.e6 h5 34.Qg6 Qc7 35.e7  1-0

[Event "22nd Anderssen Mem Eliminacje"]
[Site "Wroclaw POL"]
[Date "2013.06.29"]
[Round "3"]
[White "Cukrowski,F"]
[Black "Pieniazek,Ar"]
[Result "0-1"]
[WhiteElo "2178"]
[BlackElo "2362"]

1.e4 c5 2.Nf3 e6 3.d4 cxd4 4.Nxd4 Nc6 5.Nc3 Qc7 6.Be3 a6 7.Qd2 Nf6 8.O-O-O Bb4
9.f3 d5 10.a3 Bxc3 11.Qxc3 dxe4 12.fxe4 Nxe4 13.Qc4 O-O 14.Nxc6 Qxc6 15.Qxc6 bxc6
16.Be2 e5 17.Bf3 Bf5 18.g4 Bg6 19.Rhe1 Rfc8 20.h4 h6 21.Bg1 Nf6 22.Rxe5 Nd5
23.c4 Nf4 24.Re3 Rd8 25.Bxc6 Rxd1+ 26.Kxd1 Rd8+ 27.Bd5 h5 28.gxh5 Nxd5 29.cxd5 Rxd5+
30.Kc1 Rxh5 31.Bf2 Rf5 32.Be1 Kh7 33.b4 Rd5 34.a4 f6 35.Kb2 Bf5 36.Kc3 Bd7
37.Rd3  0-1

[Event "22nd Anderssen Mem Eliminacje"]
[Site "Wroclaw POL"]
[Date "2013.06.29"]
[Round "5"]
[White "Cukrowski,F"]
[Black "Cyborowski,L"]
[Result "1/2-1/2"]
[WhiteElo "2178"]
[BlackElo "2548"]

1.e4 c5 2.Nf3 e6 3.d4 cxd4 4.Nxd4 Nc6 5.Nc3 Qc7 6.Be3 Nf6 7.Qd2 a6 8.O-O-O Bb4
9.f3 Ne7 10.Nde2 h5 11.Qd4 Nc6 12.Qd2 b5 13.Kb1 Be7 14.Nd4 Bb7 15.Qf2 Rc8
16.Nb3 d6 17.Bb6 Qb8 18.Na5 Nxa5 19.Bxa5 d5 20.exd5 Nxd5 21.Nxd5 Bxd5 22.Qb6 Qa8
23.Qd4 Bf6 24.Qb4 Qc6 25.Bd3 Be7 26.Qd2 O-O 27.Bb4 Bxb4 28.Qxb4 Rfd8 29.Qh4 Qc5
30.b3 Qc3 31.Qxh5 g6 32.Qg5 Bxb3 33.Bxg6 Bd5 34.Bd3+ Kf8 35.Qc1 Qa5 36.Qb2 Ke7
37.a3 Ke8 38.Be4 Rc5 39.h4 Bxe4 40.fxe4 Rdc8 41.Rhf1 Rc3 42.Rf3 Rxf3 43.gxf3 Rc3
44.h5 Rxf3 45.h6 Rh3 46.Qg7 b4 47.h7 bxa3 48.h8=Q+ Rxh8 49.Qxh8+  1/2-1/2

[Event "3rd Big Slick GM"]
[Site "Purley ENG"]
[Date "2013.06.30"]
[Round "9"]
[White "Franklin,S"]
[Black "Zhou,Y"]
[Result "1/2-1/2"]
[WhiteElo "2357"]
[BlackElo "2469"]

1.Nf3 c5 2.e4 Nc6 3.d4 cxd4 4.Nxd4 e6 5.Nc3 Nf6 6.Ndb5 d6 7.Bf4 e5 8.Bg5 a6
9.Na3 b5 10.Nd5 Qa5+ 11.Bd2 Qd8 12.Bg5 Qa5+ 13.Bd2 Qd8 14.Bg5 Be7  1/2-1/2

[Event "Visma GM 2013"]
[Site "Vaxjo SWE"]
[Date "2013.06.30"]
[Round "9.5"]
[White "Lindberg,Be"]
[Black "Sipila,V"]
[Result "1/2-1/2"]
[WhiteElo "2410"]
[BlackElo "2411"]

1.e4 c5 2.Nf3 e6 3.d4 cxd4 4.Nxd4 Nc6 5.Nc3 Qc7 6.Be3 Nf6 7.Bd3 Be7 8.O-O O-O
9.f4 Nxd4 10.Bxd4 Bc5 11.Bxc5 Qxc5+ 12.Kh1 d6 13.Qf3 Bd7 14.Rae1 Bc6 15.Qh3 Qh5
16.Qxh5 Nxh5 17.e5 dxe5 18.fxe5 g6 19.Ne4 Bxe4 20.Bxe4 Rac8 21.Rd1 Rc5 22.Rd7 Rxe5
23.Bxb7 Nf6 24.Rc7 Rd8 25.Bf3 a5 26.Kg1 g5 27.h3 h5 28.Rc4 Kg7 29.a3 Kg6
30.b4 Rd6 31.Rb1 Rb6 32.Rd1 axb4 33.axb4 Nd5 34.Bxd5 exd5 35.Rc5 Rxb4 36.Rcxd5 Rxd5
37.Rxd5  1/2-1/2

[Event "IsBank TCh-TUR 2013"]
[Site "Denizli TUR"]
[Date "2013.07.01"]
[Round "3.2"]
[White "Solak,D"]
[Black "Popov,Iv RUS"]
[Result "1/2-1/2"]
[WhiteElo "2598"]
[BlackElo "2632"]

1.e4 c5 2.Nf3 e6 3.d4 cxd4 4.Nxd4 Nc6 5.Nc3 Qc7 6.g3 a6 7.Bg2 Nf6 8.O-O Be7
9.Re1 O-O 10.Nxc6 dxc6 11.e5 Nd5 12.Nb1 c5 13.c4 Nb4 14.Be4 Rd8 15.Qf3 Bd7
16.Nc3 Bc6 17.Bxc6 Qxc6 18.Qxc6 Nxc6 19.Re4 Rd4 20.f4 Na5 21.b3 b5 22.cxb5 axb5
23.Rxd4 cxd4 24.Nxb5 Nxb3 25.Rb1 Nxc1 26.Rxc1 d3 27.Rd1 Ra5 28.Nc3 Ra3 29.Nb5 Rxa2
30.Rxd3 g5 31.Nd6 Re2 32.fxg5 Rxe5 33.h4 Re2 34.Kf1 Rc2 35.Ne4 Rc4 36.Re3 Kg7
37.Kg2 h6 38.gxh6+ Kxh6 39.Kf3  1/2-1/2

[Event "21st Montcada Open"]
[Site "Montcada i Reixac ESP"]
[Date "2013.07.01"]
[Round "7.4"]
[White "Escobar Forero,A"]
[Black "Cori,J"]
[Result "0-1"]
[WhiteElo "2468"]
[BlackElo "2549"]

1.e4 c5 2.Nf3 e6 3.d4 cxd4 4.Nxd4 Nc6 5.Nc3 Qc7 6.f4 a6 7.Nxc6 Qxc6 8.Bd3 b5
9.Qe2 Bb7 10.Bd2 Bc5 11.O-O-O Ne7 12.a3 O-O-O 13.h4 d5 14.Rh3 h5 15.Rg3 g6
16.exd5 Nxd5 17.Nxd5 Qxd5 18.Ba5 Bd6 19.Qe3 Qa2 20.Bc3 Rhe8 21.Rg5 Kb8 22.g3 Ka8
23.Bf6 Rd7 24.Qd4 Rc8 25.Be5 Bc5  0-1

[Event "20th Abu Dhabi Masters 2013"]
[Site "Abu Dhabi UAE"]
[Date "2013.07.02"]
[Round "3.1"]
[White "Kurnosov,I"]
[Black "Malakhatko,V"]
[Result "1/2-1/2"]
[WhiteElo "2657"]
[BlackElo "2559"]

1.e4 c5 2.Nf3 e6 3.d4 cxd4 4.Nxd4 Nc6 5.Nc3 Qc7 6.Be3 a6 7.Be2 Nf6 8.O-O Be7
9.f4 d6 10.Qe1 O-O 11.Qg3 Nxd4 12.Bxd4 b5 13.a3 Bb7 14.Kh1 g6 15.f5 Rae8
16.Rf2 Bd8 17.Raf1 Nxe4 18.Nxe4 Bxe4 19.f6 Qc6 20.Be3 Bf5 21.Bg5 h6 22.Bxh6 Bxf6
23.Bxf8 Rxf8 24.c3 Be5 25.Qe3 Kg7 26.Kg1 Be4 27.Bd3 d5 28.Bxe4 dxe4 29.Rd2 f5
30.Re1 Rf7 31.Kh1 Qc7 32.g3  1/2-1/2

[Event "IsBank TCh-TUR 2013"]
[Site "Denizli TUR"]
[Date "2013.07.02"]
[Round "4.1"]
[White "Shanava,K"]
[Black "Grachev,B"]
[Result "1-0"]
[WhiteElo "2563"]
[BlackElo "2683"]

1.e4 c5 2.Nf3 e6 3.d4 cxd4 4.Nxd4 Nc6 5.Nc3 a6 6.Nb3 b5 7.Bd3 Bb7 8.f4 d6
9.O-O Nf6 10.Be3 Be7 11.Qf3 Nb4 12.a3 Nxd3 13.cxd3 O-O 14.Nd4 Nd7 15.Qh3 Rc8
16.Rf3 Re8 17.Raf1 Bf6 18.Rg3 Qe7 19.Nf3 Rc7 20.Nd1 e5 21.f5 d5 22.Nf2 dxe4
23.Ng5 Bxg5 24.Bxg5 f6 25.Bh6 e3 26.Ne4 e2 27.Re1 Bxe4 28.Bxg7 Qc5+ 29.Kh1 Kf7
30.Qxh7 Bxf5 31.Qxf5 e4 32.Qh7 Qf2 33.Bxf6+ Ke6 34.Qxe4+ Kd6 35.Qb4+ Qc5
36.Qf4+ Kc6 37.Bd4 Qd5 38.Rg5 Rf8 39.Rc1+ Qc4 40.Rxc4+ bxc4 41.Qe4+  1-0

[Event "8th Vladimir Dvorkovich Cup"]
[Site "Moscow RUS"]
[Date "2013.07.02"]
[Round "7.7"]
[White "Vavulin,M"]
[Black "Shtembuliak,E"]
[Result "1/2-1/2"]
[WhiteElo "2359"]
[BlackElo "2251"]

1.e4 c5 2.Nf3 e6 3.d4 cxd4 4.Nxd4 Nc6 5.Nc3 Qc7 6.f4 a6 7.Nxc6 Qxc6 8.Bd3 Nf6
9.Qe2 Bb4 10.Bd2 d5 11.e5 Nd7 12.O-O-O Nc5 13.Kb1 Nxd3 14.cxd3 O-O 15.Nxd5 Qxd5
16.Bxb4 Re8 17.Qe4 Qb5 18.Qc4 Bd7 19.Qxb5 Bxb5 20.g4 Bc6 21.Rhf1 Rad8 22.Bd6 h5
23.gxh5 f5 24.Rf2 Kf7 25.Rg1 Rh8 26.Rg5 Rh6 27.Kc2 Rdh8 28.Bc7 Rxh5 29.Rxh5 Rxh5
30.Bd8 Rh3 31.Bg5 Bd5 32.b3 Ke8 33.Rd2 Kd7 34.Kc3 Kc6 35.Kd4  1/2-1/2

[Event "41st TCh-GRE"]
[Site "Rio (Achaia) GRE"]
[Date "2013.07.02"]
[Round "1.8"]
[White "Karapiperis,A"]
[Black "Skoulakis,C"]
[Result "1/2-1/2"]
[WhiteElo "1910"]
[BlackElo "2023"]

1.e4 c5 2.Nf3 e6 3.d4 cxd4 4.Nxd4 Nc6 5.Nc3 Qc7 6.Be3 a6 7.Be2 Nf6 8.a3 Be7
9.O-O b5 10.Nxc6 dxc6 11.f4 Bb7 12.Bf3 O-O 13.Qe1 Rfd8 14.Qf2 c5 15.e5 Nd5
16.Nxd5 Bxd5 17.Bxd5 Rxd5 18.c4 Rd3 19.Rfc1 Rc8 20.Rc2 Qc6 21.Re1 b4 22.Bc1 Rcd8
23.Rce2 bxa3 24.bxa3 Qa4 25.f5 exf5 26.Qxf5 Qxc4 27.Bg5 Rd1 28.Re4 Qc3 29.Kf2 Qc2+
30.R1e2 Qb1 31.Kg3 R1d3+ 32.Kh4 Bxg5+ 33.Qxg5 h6 34.Qf5 R3d4 35.e6 fxe6 36.Qxe6+ Kh8
37.Qe7 Qg1 38.Kh3 Rd3+ 39.g3 Qf1+ 40.Kh4 R3d4 41.Re3 Qf5 42.g4 Qf2+ 43.Kh3 Rd2
44.Qe5 Qg2+ 45.Kh4 R8d5 46.Qxg7+ Kxg7 47.Re7+ Kf8 48.Re8+  1/2-1/2

[Event "47th Ilmar Raud Mem"]
[Site "Viljandi EST"]
[Date "2013.07.02"]
[Round "2.9"]
[White "Uvarov,V"]
[Black "Sipila,V"]
[Result "1/2-1/2"]
[WhiteElo "2181"]
[BlackElo "2423"]

1.e4 c5 2.Nf3 e6 3.d4 cxd4 4.Nxd4 Nc6 5.Nc3 Qc7 6.Be3 Nf6 7.f3 a6 8.Qd2 Bb4
9.O-O-O Ne5 10.Nb3 b5 11.Qe1 Nc4 12.Bxc4 bxc4 13.Nd4 d5 14.Bg5 Bxc3 15.Qxc3 e5
16.Bxf6 gxf6 17.exd5 exd4 18.Rxd4 Qd6 19.Re1+ Kf8 20.Rxc4 Kg7 21.Rc6 Qd8
22.Re4 h5 23.Rf4 Rh6 24.g4 hxg4 25.fxg4 Kg8 26.Rfxf6 Rxf6 27.Qxf6 Bb7 28.Rd6 Qxf6
29.Rxf6 Bxd5 30.h4 Kf8 31.b3 Be6 32.Rf4 Ke7 33.g5 Kd6 34.Kd2 Ke5 35.Ke3 Bf5
36.Rc4 Re8 37.c3 Bg6 38.Ra4 Kf5+ 39.Kd3 Re6 40.Rd4 Re1 41.a4 a5 42.Kd2 Rb1
43.b4 axb4 44.cxb4 Ke5 45.Rc4 Kd5 46.Rf4 Ke5 47.Rc4 Rh1 48.b5 Be4 49.a5 Rxh4
50.b6 Rh2+ 51.Kc3 Rc2+ 52.Kb3 Rxc4 53.Kxc4 Kd6 54.a6 Bf3 55.Kd4 Be2 56.b7 Kc7
57.Ke5 Bxa6 58.Kf6 Bc4 59.g6 fxg6 60.Kxg6  1/2-1/2

[Event "4th Kiryat Ono Open A"]
[Site "Kiryat Ono ISR"]
[Date "2013.07.03"]
[Round "4.12"]
[White "Klar,N"]
[Black "Aharonovich,Itamar"]
[Result "0-1"]
[WhiteElo "2046"]
[BlackElo "1995"]

1.e4 c5 2.Nf3 e6 3.d4 cxd4 4.Nxd4 Nc6 5.Nc3 Qc7 6.Be2 a6 7.Be3 Nf6 8.O-O Bb4
9.Na4 Be7 10.Nxc6 bxc6 11.Nb6 Rb8 12.Nxc8 Qxc8 13.Bd4 c5 14.Be5 Rb6 15.Qd3 d6
16.Bc3 O-O 17.b3 d5 18.e5 Nd7 19.f4 c4 20.Qh3 cxb3 21.axb3 g6 22.Rf3 Bb4
23.Bxb4 Rxb4 24.Rc3 Qb8 25.Qf3 Qb6+ 26.Kh1 a5 27.g3 Rd8 28.Kg2 Nc5 29.Qf2 d4
30.Rc4 Rxc4 31.Bxc4 Ne4 32.Qf3 Nc3 33.Qd3 Qc5 34.h4 h5 35.Kh2 Kg7 36.Rg1 Rc8
37.g4 hxg4 38.Rxg4 Nd5 39.Bxd5 Qxd5 40.Rg2 Rc3 41.Qe2 Qf3 42.Qf2 Re3 43.Kg1 Qe4
44.Qd2 Qxf4 45.Qxa5 Qxh4 46.Kf1 Qh1+ 47.Kf2 Qd1 48.Rh2 Rf3+  0-1

[Event "41st TCh-GRE"]
[Site "Rio (Achaia) GRE"]
[Date "2013.07.03"]
[Round "2.2"]
[White "Tsomis,D"]
[Black "Mastrovasilis,D"]
[Result "1-0"]
[WhiteElo "2080"]
[BlackElo "2606"]

1.e4 c5 2.Nf3 e6 3.d4 cxd4 4.Nxd4 Nc6 5.Nc3 Qc7 6.g3 a6 7.Bg2 d6 8.O-O Be7
9.Re1 Bd7 10.Nxc6 Bxc6 11.Be3 b5 12.a3 Nf6 13.h3 O-O 14.Qd3 Qb7 15.Bg5 Rfd8
16.Rad1 h6 17.Bc1 a5 18.Nb1 b4 19.c4 Nd7 20.Be3 Ne5 21.Qd4 Bf6 22.Qb6 Nxc4
23.Qxb7 Bxb7 24.e5 Bxg2 25.exf6 Nxe3 26.Rxe3 Bxh3 27.fxg7 Bf5 28.Nd2 d5 29.Nf3 Rdc8
30.Nd4 Bg6 31.Rd2 Kxg7 32.Kg2 Rc4 33.f3 h5 34.axb4 axb4 35.Re1 Kf6 36.Ne2 Rac8
37.Nf4 h4 38.Nxg6 Kxg6 39.Ree2 hxg3 40.Kxg3 Rh8 41.Rg2 Kf5 42.Kf2 Rh1 43.b3 Rc3
44.Rb2 Rh3 45.Rg3 Rxg3 46.Kxg3 e5  1-0

[Event "41st TCh-GRE"]
[Site "Rio (Achaia) GRE"]
[Date "2013.07.03"]
[Round "2.9"]
[White "Papadopoulos,Geo3"]
[Black "Nikolaou,Spiridon"]
[Result "0-1"]
[WhiteElo "2072"]
[BlackElo "1810"]

1.e4 c5 2.Nf3 e6 3.d4 cxd4 4.Nxd4 Nc6 5.Nc3 a6 6.Nb3 Nf6 7.Bd3 Qc7 8.O-O Be7
9.f4 d6 10.Qe2 b5 11.a3 O-O 12.Bd2 Re8 13.Rae1 Nd7 14.Qf3 Bb7 15.Qh3 Nf8
16.Re3 Bf6 17.Rg3 Nd4 18.Nxd4 Bxd4+ 19.Kh1 g6 20.Qg4 Bg7 21.Qe2 f5 22.Re1 Bc6
23.h4 Bf6 24.Rh3 h5 25.Qf2 Re7 26.Qe2 Rae8 27.Nd1 Qb7 28.Bc3 Bxc3 29.Nxc3 e5
30.Rf3 Ne6 31.Rg3 Nxf4 32.Qd2 Rg7 33.Bf1 Qe7 34.Rg5 Ne6 35.Nd5 Bxd5 36.Qxd5 Kh8
37.Qc6 Nxg5 38.hxg5 Rgg8 39.Rd1 Rd8 40.Qxa6 Qxg5 41.Qxb5 Qh4+ 42.Kg1 fxe4
43.Qb6 Rgf8 44.c4 Qg3 45.Rd2 e3 46.Re2 Qf4 47.Qxe3 Qxf1+ 48.Kh2 Qf4+  0-1

[Event "41st TCh-GRE"]
[Site "Rio (Achaia) GRE"]
[Date "2013.07.03"]
[Round "3.5"]
[White "Markantonaki,H"]
[Black "Botsari,A"]
[Result "0-1"]
[WhiteElo "2150"]
[BlackElo "2337"]

1.e4 c5 2.Nf3 e6 3.d4 cxd4 4.Nxd4 Nc6 5.Nc3 Qc7 6.Be3 a6 7.Qd2 Nf6 8.O-O-O Bb4
9.f3 Ne7 10.Nde2 Ng6 11.Qd4 Be7 12.g4 b5 13.Ng3 h6 14.Be2 Bb7 15.Qb6 Qxb6
16.Bxb6 d5 17.exd5 Nxd5 18.Nxd5 Bxd5 19.Bd4 O-O 20.Nh5 Bg5+ 21.Kb1 Nf4 22.Nxf4 Bxf4
23.h4 Rac8 24.Bc3 Rc6 25.Bd2 Bd6 26.Rhf1 Bc5 27.Bd3 Rfc8 28.Rde1 Bd6 29.f4 Bc4
30.Be4 Bxf1 31.Bxc6 Rxc6 32.Rxf1 Rc4 33.h5 Re4 34.g5 Re2 35.Bc1 Rh2 36.Rd1 Bc5
37.b4 Bxb4 38.g6 fxg6 39.hxg6 Kf8 40.a3 Be7 41.Re1 Bf6 42.Rxe6 Rh1 43.Rxa6 Bc3
44.Rd6 Ke7 45.Rd3 Bf6 46.c3 Ke6 47.Kc2 h5 48.f5+ Kxf5 49.Rd5+ Kxg6 50.Rxb5 h4
51.Bf4 h3 52.Rb8 Rf1 53.Bd6 h2 54.Bxh2 Rf2+ 55.Kb3 Rxh2 56.a4 Rh3 57.Rc8 Kf5
58.a5 g5 59.a6 Rh7 60.Kb4 g4 61.Rg8 Bg5 62.Rf8+ Ke4 63.Rg8 Kf5 64.Rf8+ Bf6
65.Rg8 Be5 66.c4 Bd4 67.Kb5 Rc7 68.Rd8 Be3 69.Rg8 Bc5 70.Rd8 Kf4 71.Rd5 g3
72.Rxc5 Rxc5+ 73.Kxc5 g2 74.Kc6 g1=Q 75.c5 Ke5 76.a7 Qg2+ 77.Kc7 Qa8  0-1

[Event "IsBank TCh-TUR 2013"]
[Site "Denizli TUR"]
[Date "2013.07.04"]
[Round "6.1"]
[White "Vuckovic,Bo"]
[Black "Grachev,B"]
[Result "1/2-1/2"]
[WhiteElo "2594"]
[BlackElo "2683"]

1.e4 c5 2.Nf3 e6 3.d4 cxd4 4.Nxd4 Nc6 5.Nc3 Qc7 6.Be3 a6 7.Qd2 Nf6 8.O-O-O Be7
9.f3 b5 10.g4 Nxd4 11.Bxd4 b4 12.Na4 Rb8 13.Kb1 d6 14.g5 Nh5 15.b3 O-O 16.Bh3 Rb5
17.Rhg1 g6 18.Bf1 Rb8 19.Nb2 Rd8 20.Nc4 e5 21.Bb2 Nf4 22.Ne3 Be6 23.Bc4 a5
24.Nd5 Bxd5 25.Bxd5 Rb5 26.Rg4 Nxd5 27.exd5 Bf8 28.Rc4 Rc5 29.Rxc5 Qxc5 30.f4 Bg7
31.fxe5 dxe5 32.d6 e4 33.Qd5 Qxd5 34.Rxd5 e3 35.Bxg7 Kxg7 36.Kc1 f5 37.gxf6+ Kxf6
38.Rd3 e2 39.Kd2 Ke6 40.Kxe2 Rxd6 41.c4 bxc3 42.Rxc3 Rd5 43.a3  1/2-1/2

[Event "41st TCh-GRE"]
[Site "Rio (Achaia) GRE"]
[Date "2013.07.04"]
[Round "3.8"]
[White "Samaras,Georgios"]
[Black "Poulidis,S"]
[Result "0-1"]
[WhiteElo "1668"]
[BlackElo "2013"]

1.e4 c5 2.Nf3 e6 3.d4 cxd4 4.Nxd4 Nc6 5.Nc3 Qc7 6.Be2 Nf6 7.O-O Bb4 8.Ndb5 Qb8
9.a3 Be7 10.Be3 a6 11.Nd4 b5 12.Nxc6 dxc6 13.f4 Bb7 14.e5 Nd5 15.Nxd5 cxd5
16.Bd3 g6 17.Bd4 Bc6 18.b4 Qc7 19.Qe2 Qb7 20.Rae1 h5 21.f5 gxf5 22.Bxf5 exf5
23.e6 f6 24.Rxf5 O-O-O 25.Bxf6 Rdf8 26.Ref1 Bxf6 27.Rxf6 Rxf6 28.Rxf6 Qg7
29.Rf7 Qd4+ 30.Kf1 Qc4 31.e7 Re8 32.Rh7 d4 33.Qxc4 bxc4 34.Rxh5 Rxe7 35.Rc5 Kb7
36.Kf2 d3 37.cxd3 cxd3 38.Rc1 Re2+ 39.Kg3 Rxg2+ 40.Kf4 d2 41.Ra1 Ba4 42.Kf3 Rxh2  0-1

[Event "41st TCh-GRE"]
[Site "Rio (Achaia) GRE"]
[Date "2013.07.04"]
[Round "4.3"]
[White "Galopoulos,N"]
[Black "Liaskos,L"]
[Result "1-0"]
[WhiteElo "2343"]
[BlackElo "2092"]

1.e4 c5 2.Nf3 e6 3.d4 cxd4 4.Nxd4 Nc6 5.Nc3 Nf6 6.Ndb5 d6 7.Bf4 e5 8.Bg5 a6
9.Na3 Be6 10.Nc4 Rc8 11.Ne3 h6 12.Bxf6 Qxf6 13.Bd3 Be7 14.Ncd5 Bxd5 15.Nxd5 Qg6
16.O-O O-O 17.c3 Bg5 18.Qb3 Nd8 19.Rad1 Re8 20.Bb1 Rc5 21.Qa4 Qe6 22.Bc2 Kf8
23.Bb3 Qg6 24.Nb6 Rc6 25.Qb4 Re7 26.Ba4 Rxb6 27.Qxb6  1-0

[Event "47th Ilmar Raud Mem"]
[Site "Viljandi EST"]
[Date "2013.07.04"]
[Round "6.16"]
[White "Tominga,Eke"]
[Black "Fomina,T"]
[Result "1-0"]
[WhiteElo "1993"]
[BlackElo "2222"]

1.e4 c5 2.Nf3 e6 3.Nc3 Nc6 4.d4 cxd4 5.Nxd4 Qc7 6.Be3 Nf6 7.Be2 Bb4 8.O-O a6
9.Na4 Bd6 10.Nxc6 dxc6 11.Bb6 Bxh2+ 12.Kh1 Qd6 13.g3 Bxg3 14.fxg3 Qxd1 15.Raxd1 Nd7
16.Rd2 f6 17.Rfd1 Rf8 18.Bg4 f5 19.exf5 exf5 20.Re1+ Kf7 21.Be2 Nf6 22.Bc4+ Kg6
23.Bc5 Ne4 24.Rxe4 fxe4 25.Bxf8 b5 26.Nb6 Rb8 27.Nxc8 bxc4 28.Nd6 c3 29.bxc3 e3
30.Re2 Rxf8 31.Kg2 Rd8 32.Nc4 Rd1 33.Rxe3 Ra1 34.a3 Ra2 35.Re2 Ra1 36.Kf3 Kf6
37.Ke4 h5 38.Kd4 Rg1 39.Re3 g5 40.Kc5 Rg2 41.Kxc6 Rxc2 42.Kd5 g4 43.Ke4 Kg5
44.Kd3 Rg2 45.Kd4 Kf6 46.a4 Rg1 47.a5 h4 48.gxh4 Kf5 49.Nd6+ Kf4 50.Ne4 Ra1
51.Rd3 Rxa5 52.Ng3 Re5 53.c4 Re7 54.c5 a5 55.c6 a4 56.Kc5 Re1 57.Kd6  1-0

[Event "VIII Wroclaw Open A 2013"]
[Site "Wroclaw POL"]
[Date "2013.07.04"]
[Round "4.3"]
[White "Zakrzewski,Mare"]
[Black "Stachowiak,K"]
[Result "0-1"]
[WhiteElo "2126"]
[BlackElo "2477"]

1.e4 c5 2.Nf3 Nc6 3.d4 cxd4 4.Nxd4 e6 5.Nc3 Qc7 6.Be3 a6 7.Bd3 Nf6 8.O-O h5
9.h3 b5 10.Nxc6 Qxc6 11.Be2 Qc7 12.Bf3 Rb8 13.Bd4 b4 14.e5 bxc3 15.exf6 cxb2
16.Rb1 Rg8 17.Bxb2 gxf6 18.Qe2 Be7 19.Bxh5 Rb5 20.Bd4 Bb7 21.Bf3 Qf4 22.Bxb7 Bd6
23.g3 Qxd4 24.Rxb5 axb5 25.Kh2 Qb6 26.Bg2 Bc5 27.f4 b4 28.Rb1 Qc7 29.Rd1 Ke7
30.Qe4 f5 31.Qf3 Qa7 32.Qb3 d6 33.Rd3 Rb8 34.Rd1 Rb6 35.Bf1 d5 36.Re1 Rc6
37.Bd3 Kf8 38.Qb2 Kg8 39.Qf6 Be7 40.Qe5 Qf2+ 41.Kh1 Bc5 42.Qe2 Qxg3 43.Qg2 Qxg2+
44.Kxg2 Rc8 45.Rb1 Ra8 46.Rb2 Ra3 47.Kf3 f6 48.Kg2 Bd6 49.Kf2 Kf7 50.Kg2 Kg6
51.Bb5 Bxf4 52.Rxb4 e5 53.Ba4 Rg3+ 54.Kf2 Rxh3 55.Bb3 e4 56.Bxd5 Rh2+ 57.Kf1 Kg5
58.Rb7 Kg4 59.Rb3 Rxc2 60.a4 Bg5 61.Bb7 e3 62.Ba6 f4 63.Rb1 f3 64.Kg1 Kg3  0-1